Radosť nemohli prežiť na ihrisku Barbora Bálintová a Angelika Slamová sú s Arkou Gdyňa čerstvé majsterky Poľska

Bibliographic Details
Main Author: Grosmann, Tomáš (Author)
Format: Article
Language:Slovak
PhysicalDescription:Fotografie
ISSN:0139-7001
Subjects:

MARC

LEADER 00000nab a2200000 4500
001 vtls011930008
003 SK-MaSNL
005 20260303170859.0
008 200421|20200318xo |||| || ||00 0|slo
015 |a SNBRB2020/03 
040 |a DSZK  |b slo  |c DSZK  |e rda 
041 0 |a slo 
043 |a e-xo--- 
044 |a xo  |c SK 
072 7 |a 796  |x Šport. Hry. Telesné cvičenia  |2 konspekt 
080 |a 796.323.2.071.2  |x (437.612)  |2 2011 
100 1 |a Grosmann, Tomáš  |4 aut  |9 5355 
245 1 0 |a Radosť nemohli prežiť na ihrisku  |b Barbora Bálintová a Angelika Slamová sú s Arkou Gdyňa čerstvé majsterky Poľska  |c Tomáš Grosmann 
300 |b Fotografie 
336 |a text  |b txt  |2 rdacontent 
337 |a bez média  |b n  |2 rdamedia 
338 |a zväzok  |b nc  |2 rdacarrier 
600 1 7 |a Slamová, Angelika,  |d 1994-  |2 dszk  |9 1192554 
650 0 7 |a basketbalistky  |2 dszk  |9 69163 
650 0 7 |a osobnosti  |2 SNKPH  |9 29820 
651 7 |a Šamorín (Slovensko)  |2 SNKPHgeo  |9 28925 
773 0 |t Šport  |g Roč. 74, č. 65 (18.3.2020), s. 10  |x 0139-7001 
958 |a SK 
958 |a RG 
999 |c 2079021  |d 2080951